Visualizzazione normale
Vista MARC
- Ac-Dc
di Personal Name
Records bibliografici associati: 1
001 - CONTROL NUMBER
- control field: 17529
003 - CONTROL NUMBER IDENTIFIER
- control field: IT-RoPau
005 - DATE AND TIME OF LATEST TRANSACTION
- control field: 20140327220016.0
008 - FIXED-LENGTH DATA ELEMENTS
- fixed length control field: 140327|| aca||aabn | a|a d
040 ## - CATALOGING SOURCE
- Original cataloging agency: IT-RoPau
- Transcribing agency: IT-RoPau
100 ## - HEADING--PERSONAL NAME
- Personal name: Ac-Dc
- Miscellaneous information: Codice interprete SPICS: 13096
- Relator term: Interprete
670 ## - SOURCE DATA FOUND
- Source citation: Work cat.: (IT-RoPau)100162: Ac-Dc 17526, Back In Black